000 00436nam a2200157Ia 4500
008 220204s9999 xx 000 0 und d
020 _a1841271098
082 _a632.954
_bCOB
100 _aCobb, Andrew H
245 0 _aHerbicides and their mechanisms of action
260 _aEngland
_bShaffield Academic Press
_c2000
650 _aHerbicide resistance
650 _aHerbicide tolerance
700 _aKirkwood, Ralph C
942 _cBK
999 _c42780
_d42780